<?xml version="1.0" encoding="UTF-8"?>
<record
    xmlns:xsi="http://www.w3.org/2001/XMLSchema-instance"
    xsi:schemaLocation="http://www.loc.gov/MARC21/slim http://www.loc.gov/standards/marcxml/schema/MARC21slim.xsd"
    xmlns="http://www.loc.gov/MARC21/slim">

  <leader>01336nam a22002777a 4500</leader>
  <controlfield tag="001">000349</controlfield>
  <controlfield tag="003">DO-SdBNP</controlfield>
  <controlfield tag="005">20171110132801.0</controlfield>
  <controlfield tag="007">000349</controlfield>
  <controlfield tag="008">160705b  2007 nyu      xxu||||| |||| 00| 0 spa d</controlfield>
  <datafield tag="020" ind1=" " ind2=" ">
    <subfield code="a">9781422103326 </subfield>
  </datafield>
  <datafield tag="040" ind1=" " ind2=" ">
    <subfield code="a">BPMSU</subfield>
    <subfield code="b">spa</subfield>
    <subfield code="c">BPMSU</subfield>
  </datafield>
  <datafield tag="082" ind1=" " ind2="4">
    <subfield code="a">658.4013</subfield>
    <subfield code="b">D247c</subfield>
  </datafield>
  <datafield tag="100" ind1="1" ind2=" ">
    <subfield code="a">Davenport, Thomas H.</subfield>
  </datafield>
  <datafield tag="245" ind1="1" ind2="0">
    <subfield code="a">Competing on analytics : </subfield>
    <subfield code="b">the new science of winning /</subfield>
    <subfield code="c">Thomas H. Davenport and Jeanne G. Harris.</subfield>
  </datafield>
  <datafield tag="260" ind1="0" ind2=" ">
    <subfield code="a">Boston,  Massachusetts : </subfield>
    <subfield code="b">Harvard Business School Press, </subfield>
    <subfield code="c">2007.</subfield>
  </datafield>
  <datafield tag="300" ind1=" " ind2=" ">
    <subfield code="a">xv, 218 p. :</subfield>
    <subfield code="b"> il. ; </subfield>
    <subfield code="c">25 cm.</subfield>
  </datafield>
  <datafield tag="505" ind1="0" ind2=" ">
    <subfield code="t">Foreword / by Gary Loveman --</subfield>
    <subfield code="t">The nature of analytical competition --</subfield>
    <subfield code="t">What makes an analytical competitor? --</subfield>
    <subfield code="t">Analytics and business performance --</subfield>
    <subfield code="t">Competing on analytics with internal processes --</subfield>
    <subfield code="t">Competing on analytics with external processes --</subfield>
    <subfield code="t">Building an analytical capability --</subfield>
    <subfield code="t">A roadmap to enhanced analytical capabilities --</subfield>
    <subfield code="t">Managing analytical people --</subfield>
    <subfield code="t">The architecture of business intelligence --</subfield>
    <subfield code="t">The future of analytical competition.</subfield>
  </datafield>
  <datafield tag="650" ind1=" " ind2="4">
    <subfield code="a">MATEM&#xC1;TICAS FINANCIERAS</subfield>
  </datafield>
  <datafield tag="650" ind1=" " ind2="4">
    <subfield code="a">ESPIONAJE EN LOS NEG&#xD3;CIOS</subfield>
  </datafield>
  <datafield tag="700" ind1="1" ind2="2">
    <subfield code="a">Harris, Jeanne G.</subfield>
  </datafield>
  <datafield tag="910" ind1=" " ind2=" ">
    <subfield code="a">Validado. Control de calidad MFF</subfield>
  </datafield>
  <datafield tag="942" ind1=" " ind2=" ">
    <subfield code="2">ddc</subfield>
    <subfield code="c">BK</subfield>
  </datafield>
  <datafield tag="945" ind1=" " ind2=" ">
    <subfield code="a">Inventariado, 2017/MFF</subfield>
  </datafield>
  <datafield tag="952" ind1=" " ind2=" ">
    <subfield code="0">0</subfield>
    <subfield code="1">0</subfield>
    <subfield code="2">ddc</subfield>
    <subfield code="4">0</subfield>
    <subfield code="7">0</subfield>
    <subfield code="8">CG</subfield>
    <subfield code="a">BPMET</subfield>
    <subfield code="b">BPMET</subfield>
    <subfield code="d">2016-07-05</subfield>
    <subfield code="e">Roberto Antonio F&#xE9;rnandez</subfield>
    <subfield code="l">0</subfield>
    <subfield code="o">658.4013 D247c</subfield>
    <subfield code="p">BPMSU16070056</subfield>
    <subfield code="r">2016-07-05</subfield>
    <subfield code="w">2016-07-05</subfield>
    <subfield code="y">BK</subfield>
  </datafield>
  <datafield tag="956" ind1=" " ind2=" ">
    <subfield code="2">LOPEREZ</subfield>
    <subfield code="3">10</subfield>
    <subfield code="6">20160705</subfield>
    <subfield code="8">BPMSU</subfield>
    <subfield code="a">00041</subfield>
  </datafield>
  <datafield tag="999" ind1=" " ind2=" ">
    <subfield code="c">10674</subfield>
    <subfield code="d">10674</subfield>
  </datafield>
</record>
